| 000 | 01543nam0a2200349 4500 | ||
|---|---|---|---|
| 001 | RU\NLR\bibl\522274 | ||
| 005 | 20260406153504.0 | ||
| 010 |
_a5-09-013284-4 _920000 |
||
| 021 |
_aRU _b2004-21187 _91075 |
||
| 035 | _a(NLR Aleph) 000514669 | ||
| 090 |
_a1255125 _c1255125 |
||
| 100 | _a20040512d2004 |||y0rusy50 ca | ||
| 101 | 0 |
_arus _aeng _eeng |
|
| 102 | _aRU | ||
| 105 | _aa ||||||||| | ||
| 200 | 1 |
_aАнглийский язык _eКн. для чтения к учебнику для 5 кл. шк. с углубл. изуч. англ. яз., лицеев, гимназий, колледжей _fСост. И.Н. Верещагина, О.В. Афанасьева |
|
| 205 | _a8-е изд. | ||
| 210 |
_aМ. _cПросвещение _d2004 |
||
| 215 |
_a95 с. _cцв. ил. _d22 |
||
| 300 | _aНа обл.: English: Reader / I.N. Vereshagina, O.V. Afanasyeva | ||
| 512 | 1 |
_6z77790 _aEnglish _eReader |
|
| 606 | 0 |
_aАнглийский язык _jХрестоматии для средней школы _9972309 _3RU\NLR\auth\6646032 |
|
| 686 | _aШ143.21-93рус 221[5]хр | ||
| 702 | 1 |
_4220 _7ca _8rus _aВерещагина _bИ. Н. _cканд. пед. наук _f1926-2011 _gИрина Николаевна _3RU\NLR\AUTH\776375 _9116329 |
|
| 790 | 1 |
_6z77 _aVerešagina _bI. N. _gIrina Nikolaevna _4070 |
|
| 790 | 1 |
_6z77790 _aAfanas'eva _bO. V. _gOl'ga Vasil'evna _4070 |
|
| 801 | 0 |
_aRU _bNLR _c20040512 _gPSBO |
|
| 801 | 1 |
_aRU _bNLR _c20040512 |
|
| 830 | _aСост. по кн. | ||
| 942 | _cBOOK | ||
| 980 | _aNB | ||